000 00735nam a2200229 i 4500
001 000027630
003 DO-SdBNP
005 20250620144039.0
008 110401s1929 dr co 000 0 spa d
040 _aDO-SdBNP
_bspa
_cBNPHU
_erda
082 _axxx
_bM828
_222
100 1 _aMorales de Castillo, Mélida
_d1892-
_954720
_eautora
_4aut.
245 1 0 _aRecordándolo /
_cMélida Morales vda. Castillo.
264 _aSanto Domingo :
_bImprenta de J. R. Vda. Garcia,
_c1929.
300 _a45 páginas
_aRetratos, fotografías ;
_c24 cm.
336 _atexto
_btxt
_2rdacontent
337 _asin mediación
_bn
_2rdamedia
338 _avolumen
_bnc
_2rdacarrier
590 _aInventariado, 2025/ YL
910 _aYLockward
942 _2ddc
_cLF2
999 _c27122
_d27122